Astronomía /

Estudio de divulgación científica que presenta los elementos fundamentales de la astronomía, en un lenguaje accesible. Presenta un bagaje básico de conocimientos de esta ciencia, así como de sus métodos de investigación y de sus hipótesis y descubrimientos.

Gespeichert in:
Bibliographische Detailangaben
1. Verfasser: Ebbighausen, E.G (autor)
Weitere Verfasser: Velasco, Mario (traducción) (traducción), Lleguet, Marius (traducción) (traducción)
Format: Buch
Sprache:Spanisch
Veröffentlicht: Barcelona, España : Labor, 1974, c1974
Schriftenreihe:(Nueva Colección Labor ; 163)
Schlagworte:
Tags: Tag hinzufügen
Keine Tags, Fügen Sie das erste Tag hinzu!

MARC

LEADER 00000nam^a2200000^a^4500
001 000431399
005 20250526000000.0
009 20260526144715.262
020 |a 84-335-5200-7 
037 |a Acervo ITESO - Biblioteca 
041 |a ESP 
082 |a 086. 1  |b LAB S. 2 V. 163 
100 |a Ebbighausen, E.G.  |e (autor) 
245 1 0 |a Astronomía /  |c E.G. Ebbighausen ; tr. por M. Velasco, M. Lleguet. 
264 4 |a Barcelona, España :  |b Labor,  |c 1974, c1974 
300 |a 171 p. ;  |c 19.5 cm. 
336 |a texto  |b txt  |2 rdacontenido 
337 |a sin mediación  |b n  |2 rdamedio 
338 |a volumen  |b nc  |2 rdasoporte 
440 1 |a (Nueva Colección Labor ;  |v 163) 
500 |a Traducción de: Astronomy 
520 |a Estudio de divulgación científica que presenta los elementos fundamentales de la astronomía, en un lenguaje accesible. Presenta un bagaje básico de conocimientos de esta ciencia, así como de sus métodos de investigación y de sus hipótesis y descubrimientos. 
649 |a XX 
650 |a Planetas 
650 |a Satélites 
650 |a Cometas 
650 |a Meteoritos 
650 |a Sol 
650 |a Sistema Solar 
650 |a Estrellas 
650 |a Galaxias 
650 |a Cosmología 
650 |a Astronomía -  |x Generalidades -  |x Tema Principal 
650 |a Ciencias Espaciales 
700 |a Velasco, Mario  |e (traducción) 
700 |a Lleguet, Marius  |e (traducción) 
910 |a Fondo Alfonso de Alba Martín 
920 |a Impresos - Libros 
930 |a Libros Antiguos y Raros 
905 |a 125 
901 |a 0500349101  |b IT2  |c LRA  |i D97009  |u 20250526 
902 |a https://opac.biblio.iteso.mx/vufind/Record/000431399